00162nam a2200061Ia 4500245001900000100004000019008004100059 0aApril shadows  a ANDREWS, Virginia London, 2008 210817s9999 xx 000 0 und d